Statistics for Darts players nicknames

Click here to take the quiz!

General Stats

  • This quiz has been taken 692 times
  • The average score is 10 of 15

Answer Stats

HintAnswer% Correct
Phil TaylorThe Power
97%
Peter WrightSnakebite
91%
Adrian LewisJackpot
90%
Raymond von BarneveldBarney
86%
Gary AndersonThe Flying Scotsman
85%
James WadeThe Machine
81%
Michael van GerwenMighty Mike
79%
Simon WhitlockThe Wizard
75%
Stephen BuntingThe Bullet
61%
Andy HamiltonThe Hammer
56%
Robert ThortonThe Thorn
56%
Terry JenkinsThe Bull
54%
Brendan DolanThe History Maker
51%
Vincent van der VoortThe Dutch Destroyer
27%
Dean WinstanleyOver The Top
25%

Score Distribution

Percentile by Number Answered

Percent of People with Each Score

Your Score History

You have not taken this quiz